| 000 | 00696cam a2200229Ii 4500 | ||
|---|---|---|---|
| 001 | 5536946 | ||
| 003 | ARRUPE | ||
| 005 | 20131126113621.0 | ||
| 008 | 760825s1976 cau 001 0 eng d | ||
| 035 | _a(OCoLC)ocm02395337 | ||
| 035 | _a(NNC)5536946 | ||
| 040 |
_aTEU _cTEU _dIAY _dZCU |
||
| 050 | _aPS648.P27.E93 | ||
| 100 | 1 |
_aEverson, William, _d1912-1994. _93815 |
|
| 245 | 1 | 0 |
_aArchetype west : _bthe Pacific Coast as a literary region / _cWilliam Everson. |
| 260 |
_aBerkeley : _bOyez, _c1976. |
||
| 300 |
_axiv, 181 p. ; _c23 cm. |
||
| 500 | _aIncludes index. | ||
| 650 | 0 |
_aAmerican literature _zPacific Coast _xHistory and criticism. _93816 |
|
| 942 |
_2lcc _cMONOGRAPH |
||
| 999 |
_c118678 _d118678 |
||